000 00350nam a2200145Ia 4500
008 230605s2000 xx 000 0 und d
041 _aeng
100 _aBy shirings for success
245 _aIntroduction to Catering Ingrediment
260 _bDelmar pub.
_c2000
300 _a398p
520 _aGeneral
520 _aHard Board
650 _aC.S.
999 _c420667
_d420667